Oeuvres d'Homere traduites du grec par Mde Dacier avec l'introduction en sept volumes. (Registro nro. 155553)

Detalles MARC
000 -LEADER
campo de control de longitud fija 01991nam a2200253 i 4500
001 - NÚMERO DE CONTROL
campo de control 155553
003 - IDENTIFICADOR DE NÚMERO DE CONTROL
campo de control ES-MaACL
005 - FECHA Y HORA DE LA ÚLTIMA TRANSACCIÓN
campo de control 20260616130212.0
008 - DATOS DE LONGITUD FIJA--INFORMACIÓN GENERAL
campo de control de longitud fija 950206s1771 ne a |||| | fre d
040 ## - FUENTE DE CATALOGACIÓN
Centro catalogador/agencia de origen CAV
Lengua de catalogación spa
Centro/agencia transcriptor CCPB | PA2
100 0# - ENTRADA PRINCIPAL--NOMBRE DE PERSONA
Nombre de persona Homero
9 (RLIN) 64112
245 14 - MENCIÓN DEL TÍTULO
Título Oeuvres d'Homere traduites du grec par Mde Dacier avec l'introduction en sept volumes.
250 ## - MENCION DE EDICION
Mención de edición Nouvelle edition, revue, corrigee & augmentee.
260 ## - PUBLICACIÓN, DISTRIBUCIÓN, ETC.
Lugar de publicación, distribución, etc. a Leide :
Nombre del editor, distribuidor, etc. chez J. de Wetstein & Fils.,
Fecha de publicación, distribución, etc. 1771.
300 ## - DESCRIPCIÓN FÍSICA
Extensión 7 v. :
Otras características físicas grab. calc. ;
Dimensiones 17 cm.
500 ## - NOTA GENERAL
Nota general Ilustraciones grabada por Faure.
505 8# - NOTA DE CONTENIDO CON FORMATO
Nota de contenido con formato Contiene: · [1]: Introduction a l'Homere traduit du grec et commente par Mde. Dacier contenant les deux prefaces de cette dame, l'une pour l'Iliade, & l'autre pour l'Odyssee; avec la vie d'Homere &c. De plus la preface de Mr. Pope sur l'Iliade; son essai sur la vie & les ecrits d'Homere, & autres de ses pieces, de meme que de Mr. l'abbe Banier ( 8], XII, 360 p., [6] h. de grab ) -- [2]: L' Iliade d'Homere traduite en francois avec des remarques par Mde. Dacier ... Tome premier ([6], VI, 378, [2] h. de grab.) -- [3]: L' Iliade d'Homere traduite en francois avec des remarques par Mde. Dacier ... Tome second ( [2], 372 p.) -- [4]: L' Iliade d'Homere traduite en francois avec des remarques par Mde. Dacier ... Tome troisieme ([2], 400 p.) -- [5]: L' Odyssee d'Homere traduite en francois avec des remarques par Mde. Dacier ... Tome premier ( VII, 352, [1] h. grab.) -- [6]: L' Odyssee d'Homere traduite en francois avec des remarques par Mde. Dacier ... Tome second ( [2], 342 p.)-- [7]: L' Odyssee d'Homere traduite en francois avec des remarques par Mde. Dacier ... Tome troisieme ([2], 391 p.)
597 ## - NOTA DE DESCRIPCIÓN FÍSICA
NOTA DE DESCRIPCIÓN FÍSICA Portada con orla xilográfica.
700 1# - ENTRADA AGREGADA--NOMBRE PERSONAL
Nombre de persona Dacier, Anne,
Fechas asociadas al nombre 1651-1720
9 (RLIN) 162965
740 0# - ENTRADA AGREGADA--TÍTULO RELACIONADO/ANALÍTICO NO CONTROLADO
Título relacionado o analítico no controlado Odisea.
740 0# - ENTRADA AGREGADA--TÍTULO RELACIONADO/ANALÍTICO NO CONTROLADO
Título relacionado o analítico no controlado Iliada.
852 ## - LOCALIZACIÓN
Ubicación ES-MaACL
Número de control de estantería R-980-86
Nota libre -- Enc. piel
-- -- Ex-libris ms. de Josef Manuel de Aranalde
Encuadernación Olim: G-9487-93
Existencias
Estatus retirado Estado de pérdida Estado de daño No para préstamo Colección Biblioteca de origen Biblioteca actual Ubicación en estantería Fecha de adquisición Fuente de adquisición Total de préstamos Signatura topográfica completa Código de barras Visto por última vez Precio de reemplazo Tipo de ítem Koha
        Libros del s. XVIII Biblioteca del Ateneo de Madrid Biblioteca del Ateneo de Madrid Depósito 17/01/2008     R-980-86 1162712 23/02/2023 23/02/2023 Libro impreso antiguo